000
00393cam a2200169ua 4500
041
_a
eng
_h
082
_a
930
_b
MUJ/WO
100
_a
Mujeeb, M .
245
_a
World History /
_c
M Mujeeb.
_h
Textual Documents
260
_a
Mumbai :
_b
Asia Publishing House ,
_c
1960.
300
_a
344 ; .
504
_a
942
_c
BK
999
_c
976
_d
976